Znalostné systémy vo vzdelávaní

Pužitie znalostných systémov v oblasti testov a ich vyhodnocovania. Praktické príklady. Výhody takéhoto prístupu ku skúšaniu študentov. Použitie znalostných systémov v oblasti samovzdelávania, zaškolovania zamestnancov a vyhľadávania informácií. Prínosy používania znalostných a expertných systémov v...

Descripción completa

Guardado en:
Detalles Bibliográficos
Autor principal: Rakovská, Eva, 1963-
Formato: Capítulo de libro
Lenguaje:eslovaco
Materias:
Etiquetas: Agregar Etiqueta
Sin Etiquetas, Sea el primero en etiquetar este registro!

MARC

LEADER 00000nla$a2200000$$$4500
001 0047393
005 20240502071540.1
041 0 |a slo 
044 |a SK 
245 1 0 |a Znalostné systémy vo vzdelávaní  |c Eva Rakovská 
520 |a Pužitie znalostných systémov v oblasti testov a ich vyhodnocovania. Praktické príklady. Výhody takéhoto prístupu ku skúšaniu študentov. Použitie znalostných systémov v oblasti samovzdelávania, zaškolovania zamestnancov a vyhľadávania informácií. Prínosy používania znalostných a expertných systémov vo vzdelávaní. 
610 2 0 |a technológie informačné 
610 2 0 |a technológie znalostné 
610 2 0 |a vzdelávanie 
610 2 0 |a systémy znalostné 
610 2 0 |a rozhodovanie 
610 2 0 |a simulácia 
610 2 0 |a modely 
100 1 |a Rakovská, Eva, 1963-